000 00540nam a22001817a 4500
005 20240201101445.0
008 240201b |||||||| |||| 00| 0 eng d
020 _a9781485120315
041 _aEnglish
082 _a346.5 GEA
100 _aGeach, WD
_lEnglish
245 _aTrust Law in South Africa /
_cWD Geach
250 _aFirst Edition
260 _aCape Town :
_bJuta and Company (Pty) Ltd,
_c2017
300 _bxviii, 535 pages ;
_c25 cm.
650 _aLegal practice
_bLaw
942 _cBK
_6ALISON_BN_VRIES
999 _c1319
_d1319